Gminy w powiecie Jasielskim - Statystyki

Ogólne statystyki
  • Ten quiz został rozwiązany 41 razy
  • Średni wynik to 7 z 10
Statystyki odpowiedzi
Hint Gmina % Poprawnych
Miejska Jasło
100%
Wiejska Jasło
100%
Miejsko-wiejska Kołaczyce
75%
Wiejska Nowy Żmigród
75%
Wiejska Dębowiec
63%
Wiejska Krempna
63%
Wiejska Osiek Jasielski
63%
Wiejska Skołyszyn
59%
Wiejska Brzyska
53%
Wiejska Tarnowiec
53%
Nie znaleziono quizów pasujących do podanych kryteriów
Rozkład punktacji
Procent ludzi z każdym wynikiem
Percentyl według liczby udzielonych odpowiedzi
Twoja historia wyników
Nie rozwiązałeś tego quizu